000 00439nam a2200157 4500
001 139042
003 ES-MaACL
005 20230906195707.0
007 t|
008 070214s1968 sp r ||||1| spa d
100 1 _aSanz, Mariano.
_9103589
245 1 0 _aAlegría y casticismo
_b: (poesías) /
_cMariano Sanz.
260 _aMadrid :
_b[s. n.],
_c1968 (
_fImp. Tutor)
300 _a259 p. ;
_c21 cm.
852 _aES-MaACL
_jF-6263
_bR.66333
999 _c139042
_d139042